000 00635nam a2200205Ia 4500
005 20230201094751.0
008 131103s9999 xx 000 0 und d
020 _cRs. 150
040 _aLoreto College
_beng
041 _aEnglish
082 _a882.109
_bSOP-DUT
100 _aDutt, Duttatreya
245 3 _aAn Aristotelian approach to Oedipous Tyrannos
_bPlot, character, interpretation
_cDattatreya Dutt
260 _aKolkata
_bShakespeare Society of Eastern India and Avantgarde Press
_c2003
300 _a74 p.
_b23 cm
650 _aOedipus Rex (Sophocles)
650 _aPoetics (Aristotle)
850 _aLCLIB
942 _cBK
999 _c6174
_d56653